000 00545cam a22001814a 4500
020 _a0256195552 (alk. paper)
040 _cDLC
082 0 0 _a658​​​​​​ IRW 2000 A042 Or.
100 1 _aHair, Joseph F.
245 1 0 _aMarketing research :
_ba practical approach for the new Millennium /
260 _aBoston :
_bIrwin/McGraw-Hill,
_cc2000.
300 _axxii, 682 p. :
_bcol. ill. ;
_c26 cm.
500 _aIncludes index.
650 0 _aMarketing research.
700 1 _aBush, Robert P.
700 1 _aOrtinau, David J.
942 _cEK
999 _c12467
_d12467